000 00305nam a2200121Ia 4500
008 240731s9999 xx 000 0 und d
022 _a1654-661X
245 0 _aFood & Nutrition Research
260 _bTaylor & Francis
856 _uhttps://www.tandfonline.com/loi/zfnr20
942 _2ddc
942 _cTFEJ
999 _c76632
_d76632
945 _a1
_bMadushi Gamage
_c1
_dMadushi Gamage